<?xml version="1.0" encoding="UTF-8"?>
<record
    xmlns:xsi="http://www.w3.org/2001/XMLSchema-instance"
    xsi:schemaLocation="http://www.loc.gov/MARC21/slim http://www.loc.gov/standards/marcxml/schema/MARC21slim.xsd"
    xmlns="http://www.loc.gov/MARC21/slim">

  <leader>00658nam a2200193Ia 4500</leader>
  <controlfield tag="008">151121s9999||||xx |||||||||||||| ||und||</controlfield>
  <datafield tag="082" ind1=" " ind2=" ">
    <subfield code="a">816/ &#x92A;&#x94B;&#x924;&#x926;&#x93E;</subfield>
  </datafield>
  <datafield tag="082" ind1=" " ind2=" ">
    <subfield code="b">HNW-75144</subfield>
  </datafield>
  <datafield tag="100" ind1=" " ind2=" ">
    <subfield code="a">&#x92A;&#x94B;&#x924;&#x926;&#x93E;&#x930; &#x930;&#x92E;&#x947;&#x936; -&#x938;&#x902;&#x92A;&#x93E;</subfield>
  </datafield>
  <datafield tag="245" ind1=" " ind2=" ">
    <subfield code="a">&#x921;&#x949;&#x915;&#x94D;&#x91F;&#x930; &#x928;&#x938;&#x947;&#x932; &#x924;&#x947;&#x925;&#x947;</subfield>
  </datafield>
  <datafield tag="260" ind1=" " ind2=" ">
    <subfield code="b">"&#x938;&#x941;&#x92E;&#x902;&#x917;&#x932;, &#x92E;&#x941;&#x902;&#x92C;&#x908;"</subfield>
  </datafield>
  <datafield tag="260" ind1=" " ind2=" ">
    <subfield code="c">--</subfield>
  </datafield>
  <datafield tag="300" ind1=" " ind2=" ">
    <subfield code="a">263</subfield>
  </datafield>
  <datafield tag="600" ind1=" " ind2=" ">
    <subfield code="a">&#x92A;&#x94B;&#x924;&#x926;&#x93E;&#x930; &#x930;&#x92E;&#x947;&#x936; -&#x938;&#x902;&#x92A;&#x93E;</subfield>
  </datafield>
  <datafield tag="630" ind1=" " ind2=" ">
    <subfield code="a">&#x921;&#x949;&#x915;&#x94D;&#x91F;&#x930; &#x928;&#x938;&#x947;&#x932; &#x924;&#x947;&#x925;&#x947;</subfield>
  </datafield>
  <datafield tag="700" ind1=" " ind2=" ">
    <subfield code="a">&#x92A;&#x94B;&#x924;&#x926;&#x93E;&#x930; &#x930;&#x92E;&#x947;&#x936; -&#x938;&#x902;&#x92A;&#x93E;</subfield>
  </datafield>
  <datafield tag="730" ind1=" " ind2=" ">
    <subfield code="a">&#x921;&#x949;&#x915;&#x94D;&#x91F;&#x930; &#x928;&#x938;&#x947;&#x932; &#x924;&#x947;&#x925;&#x947;</subfield>
  </datafield>
  <datafield tag="942" ind1=" " ind2=" ">
    <subfield code="c">BOOK</subfield>
  </datafield>
  <datafield tag="999" ind1=" " ind2=" ">
    <subfield code="c">1256587</subfield>
    <subfield code="d">1256584</subfield>
  </datafield>
  <datafield tag="952" ind1=" " ind2=" ">
    <subfield code="0">0</subfield>
    <subfield code="1">0</subfield>
    <subfield code="4">0</subfield>
    <subfield code="7">0</subfield>
    <subfield code="a">HNW</subfield>
    <subfield code="b">HNW</subfield>
    <subfield code="d">2015-11-21</subfield>
    <subfield code="g">70.00</subfield>
    <subfield code="l">0</subfield>
    <subfield code="o">HNW-75144</subfield>
    <subfield code="p">HNW-75144</subfield>
    <subfield code="r">2015-11-21 00:00:00</subfield>
    <subfield code="v">70.00</subfield>
    <subfield code="w">2015-11-21</subfield>
    <subfield code="y">BOOK</subfield>
  </datafield>
</record>
